Inowrocław - quiz wielokrotnego wyboru - Statystyki

Ogólne statystyki
  • Ten quiz został rozwiązany 24 razy
  • Średni wynik to 9 z 10
Statystyki odpowiedzi
Zagadnienie Odpowiedź % Poprawnych
Co wydobywano w kopalni w Inowrocławiu do 1986 roku? sól kamienną
100%
Kogo przedstawia pomnik na inowrocławskim rynku? Królowa Jadwiga
95%
W dolinie której rzeki leży Inowrocław? Noteć
95%
Jaki rodzaj jednostek wojskowych stacjonuje w Garnizonie Inowrocław? śmigłowce
95%
Czym są inowrocławskie Solanki? Uzdrowiskiem z tężniami
95%
Który z poniższych obiektów nie znajduje się w Inowrocławiu?
90%
Inowrocław jest węzłem kolejowym, który łączy: Bydgoszcz - Toruń - Poznań
90%
Jak nazywany jest Kościół Imienia Najświętszej Maryi Panny w Inowrocławiu? Ruina
76%
Który z polskich królów urodził się w Inowrocławiu? Władysław I Łokietek
76%
W jakiej dzielnicy (dawnej miejscowości) urodził się poeta Jan Kasprowicz? Szymborze
71%
Nie znaleziono quizów pasujących do podanych kryteriów
Rozkład punktacji
Procent ludzi z każdym wynikiem
Percentyl według liczby udzielonych odpowiedzi
Twoja historia wyników
Nie rozwiązałeś tego quizu